000 00334pam a2200145 a 4500
020 _c
041 _aeng
082 _bPAR
100 _aParnjape Makarand R.
245 _aSarojini Naidu Selected Poetry And Prose
_hTextual Documents
250 _a2010.
260 _aNew Delhi :
_bRupa Co .
300 _a323 pg .
930 _a10634
999 _c87538
_d87538